MARC

LEADER 00000nam0a2200000 4500
001 200173
005 20231101224934.0
010 |b 5000 экз. 
035 |a (RuTPU)RU\TPU\book\218234 
035 |a RU\TPU\book\217207 
090 |a 200173 
100 |a 20110902d1946 m y0rusy50 ca 
101 0 |a rus 
102 |a RU 
105 |a a z 000zy 
200 1 |a Астрономическая оптика  |f Д. Д. Максутов 
210 |a Москва  |a Ленинград  |c Гос. изд-во технико-теоретической литературы  |d 1946 
215 |a 367 с.  |c ил. 
606 1 |a Астрономическая оптика  |2 stltpush  |3 (RuTPU)RU\TPU\subj\29554  |9 52853 
610 1 |a астрономия 
610 1 |a астрономические приборы 
610 1 |a оптическая астрономия 
610 1 |a изображения 
610 1 |a теория 
610 1 |a труды учёных ТПУ 
610 1 |a выпускники ТТИ 
610 1 |a коллекция ТПУ 
675 |a 520.2  |v 3 
700 1 |a Максутов  |b Д. Д.  |c ученый  |c специалист в области астрономической оптики  |c учился в Томском технологическом институте  |f 1896-1964  |g Дмитрий Дмитриевич  |2 stltpush  |3 (RuTPU)RU\TPU\pers\24104  |9 10650 
801 1 |a RU  |b 63413507  |c 20110727 
801 2 |a RU  |b 63413507  |c 20201216  |g RCR 
942 |c BK